Ethiopic grammar /

Bibliographic Details
Main Author: Dillmann, August, 1823-1894
Other Authors: Bezold, Carl, 1859-1922, Crichton, James A. (Translator)
Format: Book
Language:English
Published: London : Williams & Norgate, 1907.
Edition:2d ed., enl. and improved (1899)
Subjects:

MARC

Tag First Indicator Second Indicator Subfields
LEADER 00000cam a2200000 4500
001 in00000009855
005 20151007051555.0
008 790823s1907 enkaf b 00110 eng
010 |a  42040768  
035 |a (OCoLC)05303988 
035 |9 AAA3684AM 
040 |a DLC  |c CWR  |d SER  |d TXA  |d UtOrBLW 
041 1 |a eng  |h eth 
049 |a TXAM  |c [A12575432] 
050 0 0 |a PJ9021  |b .D52 1907 
100 1 |a Dillmann, August,  |d 1823-1894. 
245 1 0 |a Ethiopic grammar /  |c by August Dillmann. 
250 |a 2d ed., enl. and improved (1899)  |b by Carl Bezold ... Translated by James A. Crichton ... 
264 1 |a London :  |b Williams & Norgate,  |c 1907. 
300 |a xxx, 581 pages, 9 unnumbered folded of pages of plates :  |b illustrations ;  |c 24 cm. 
336 |a text  |b txt  |2 rdacontent 
337 |a unmediated  |b n  |2 rdamedia 
338 |a volume  |b nc  |2 rdacarrier 
504 |a Includes bibliographical references and index. 
650 0 |a Ethiopic language  |x Grammar. 
700 1 |a Bezold, Carl,  |d 1859-1922. 
700 1 |a Crichton, James A.,  |e translator. 
999 |a MARS 
999 f f |s 7799c952-baee-30b4-826c-ae2807beb9c3  |i aa6a4c43-bef4-3405-a81c-b93965cd757c  |t 0 
952 f f |p ric  |a Texas A&M University  |b Rellis Campus  |c Joint Library Facility  |d Remote Storage  |t 0  |e PJ9021 .D52 1907  |h Library of Congress classification  |i unmediated -- volume  |m A14812575432 
998 f f |a PJ9021 .D52 1907  |t 0  |l Remote Storage